Raising and praising boys (Record no. 49722)

MARC details
000 -LEADER
fixed length control field 00497nam a2200181Ia 4500
008 - FIXED-LENGTH DATA ELEMENTS--GENERAL INFORMATION
fixed length control field 191130s2005##################000#0#eng##
020 ## - INTERNATIONAL STANDARD BOOK NUMBER
International Standard Book Number 9780091906740
040 ## - CATALOGING SOURCE
Original cataloging agency ACL
Transcribing agency ACL
082 ## - DEWEY DECIMAL CLASSIFICATION NUMBER
Classification number 649.132 HAR
100 ## - MAIN ENTRY--PERSONAL NAME
Personal name Hartley-Brewer, Elizabeth
245 ## - TITLE STATEMENT
Title Raising and praising boys
Statement of responsibility, etc. Elizabeth Hartley-Brewer
260 ## - PUBLICATION, DISTRIBUTION, ETC.
Place of publication, distribution, etc. London
Name of publisher, distributor, etc. Vermilion
Date of publication, distribution, etc. 2005
300 ## - PHYSICAL DESCRIPTION
Extent 235 p. ; 15 cm
650 ## - SUBJECT ADDED ENTRY--TOPICAL TERM
Topical term or geographic name entry element Child rearing
990 ## - EQUIVALENCES OR CROSS-REFERENCES [LOCAL, CANADA]
Link information for 9XX fields b9f98feeac10000c192a5d4886696d0b
991 ## -
-- 350605
Holdings
Withdrawn status Lost status Damaged status Not for loan Home library Current library Shelving location Date acquired Total Checkouts Full call number Barcode Date last seen Price effective from Koha item type
        Anna Centenary Library Anna Centenary Library 6TH FLOOR, A WING 09.10.2020   649.132 HAR 339325 09.10.2020 09.10.2020 English Books

Find us on the map